Vitas sanctorum patrum emeretensium /

Guardado en:
Otros Autores: Maya Sánchez, A., ed.
Formato: Libro
Publicado: Turnhout : Brepols, 1992
Series:Corpus Christianorum. Series Latina, Cxvi
Materias:
Etiquetas: Agregar Etiqueta
Sin Etiquetas, Sea el primero en etiquetar este registro!
LEADER 00670nam a22002175a 4500
001 EHU.bham045513
003 AR-BHAM
005 20190311104918.0
008 130507s1992##################000#0#####d
020 |a 2503011616 
082 8 7 |a 879 
245 0 0 |a Vitas sanctorum patrum emeretensium /  |c  Ed Por A. Maya Sánchez 
260 |a Turnhout :  |b Brepols,  |c 1992 
300 |a 130 p. 
490 0 |a Corpus Christianorum. Series Latina, Cxvi 
653 |a Hagiografía 
653 |a Literatura latina medieval 
653 |a Literatura cristiana medieval 
653 |a Cristianismo 
700 1 |a Maya Sánchez, A., ed. 
859 |a AR-BHAM  |b BIB. HUMANIDADES - General  |h 879  |i V831  |p 330.18  |t Ej.1